000 00475nam a2200181Ia 4500
003 GCL
008 140319s9999 xx 000 0 ara d
040 _aGCL /
_cGCL
082 0 4 _a551.6
_bم ط
245 1 0 _aطبقات الجو زظواهره
300 _a224 ص
490 _aالالف كتاب
_v0
650 0 4 _aالمناخ
650 0 4 _aالارصاد الجوية
650 0 4 _aالتنبؤات الجوية
650 0 4 _aالضغط الجوى
942 _2ddc
_cBK
999 _c43094
_d43094